| 000 | 01681cam a2200409Ia 4500 | ||
|---|---|---|---|
| 001 | 9172627 | ||
| 003 | OSt | ||
| 005 | 20150408114059.0 | ||
| 006 | m u | ||
| 007 | cr cn||||||||| | ||
| 008 | 100315s2010 enka sb 001 0 eng d | ||
| 020 | _z9780335234769 (cased) | ||
| 020 | _z0335234763 (cased) | ||
| 020 | _z9780335234776 (pbk.) | ||
| 020 | _z0335234771 (pbk.) | ||
| 035 | _a(CaPaEBR)ebr10413333 | ||
| 035 | _a(NNC)9172627 | ||
| 040 |
_aCaPaEBR _cCaPaEBR |
||
| 050 | 1 | 4 |
_aRA399.G7 _bI67 2010eb |
| 082 | 0 | 4 |
_a362.1068 _222 _bIME |
| 245 | 0 | 0 |
_aImplementing excellence in your health care organization _h[electronic resource] : _bmanaging, leading and collaborating / _cedited by Rob Mcsherry and Jerry Warr. |
| 260 |
_aMaidenhead : _bMcGraw-Hill Open University Press, _c2010. |
||
| 300 |
_axvi, 199 p. : _bill. |
||
| 490 | 1 | _aExcellence in practice development in health and social care | |
| 504 | _aIncludes bibliographical references and index. | ||
| 533 |
_aElectronic reproduction. _bPalo Alto, Calif. : _cebrary, _d2011. _nAvailable via World Wide Web. _nAccess may be limited to ebrary affiliated libraries. |
||
| 650 | 0 |
_aHealth services administration _zGreat Britain. _917210 |
|
| 650 | 0 |
_aHealth services administration _xQuality control _zGreat Britain. _917211 |
|
| 655 | 7 |
_aElectronic books. _2local _94135 |
|
| 700 | 1 |
_aMcSherry, Robert. _917212 |
|
| 700 | 1 |
_aWarr, Jerry. _917213 |
|
| 710 | 2 |
_aebrary, Inc. _94138 |
|
| 830 | 0 |
_aExcellence in practice development in health and social care. _917214 |
|
| 856 | 4 | 0 |
_uhttp://www.columbia.edu/cgi-bin/cul/resolve?clio9172627 _zClick here for full text. |
| 942 |
_2ddc _cDVD |
||
| 999 |
_c25949 _d260449 |
||